00555nam a2200205 i 4500001000700000003000900007005001700016007000300033008004100036080001600077100002700093245003800120260003300158300003000191490002700221600002700248700002600275830002700301852002100328114909ES-MaACL20230906190301.0t|070209s1947 sp ||||1| spa d a1(Séneca)1 aSéneca, Lucio Anneo.10aSéneca / cJuan Francisco Yela. aBarcelona : bLabor, c1947. a272 p. : bil. ; c18 cm.1 aClásicos Labor ; v514aSéneca, Lucio Anneo.1 aYela, Juan Francisco.0 aClásicos Labor ; v5 aES-MaACLjE-3899